[Event "DSOL 07 Liga Gr-B 1st"]
[Site "Playchess.com INT"]
[Date "2020.07.31"]
[Round "6.3"]
[White "Graesser, Malte"]
[Black "Kliffken, Julian"]
[Result "1/2-1/2"]
[WhiteElo "1196"]
[BlackElo "1408"]
[PlyCount "142"]
[EventDate "2020.06.22"]
[EventType "team-tourn (rapid)"]
[EventCountry "GER"]
[SourceTitle "EXT 2021"]
[Source "ChessBase"]
[SourceDate "2020.10.23"]
[SourceVersion "1"]
[SourceVersionDate "2020.10.23"]
[SourceQuality "1"]
[WhiteTeam "Heidesheim"]
[BlackTeam "Porz SG III"]
[WhiteTeamCountry "GER"]
[BlackTeamCountry "GER"]

1. e4 c5 2. Nf3 Nc6 3. Bb5 e6 4. Nc3 g6 5. d3 Bg7 6. Bd2 Nge7 7. Bg5 h6 8. Bxe7 Qxe7 9. Qd2 Nd4 10. Nxd4 cxd4 11. Ne2 a6 12. Ba4 b5 13. Bb3 Bb7 14. a3 0-0 15. 0-0 e5 16. g3 Kh7 17. f4 exf4 18. Rxf4 Rac8 19. Raf1 f5 20. exf5 gxf5 21. Rxf5 Rxf5 22. Rxf5 Re8 23. Rf2 Qe3 24. Nf4 Qe7 25. Re2 Qf8 26. Rxe8 Qxe8 27. Qe2 Qe3+ 28. Qxe3 dxe3 29. c3 Bf3 30. Bd5 Bd1 31. Kf1 a5 32. Ke1 Bc2 33. Ke2 Bf8 34. Kxe3 b4 35. cxb4 axb4 36. axb4 Bxb4 37. Be4+ Kg7 38. Nd5 Bf8 39. d4 Bb3 40. Kd3 Kf7 41. Kc3 Ba4 42. b3 Bc6 43. Kc4 Bd6 44. b4 Ke6 45. b5 Ba8 46. Nf4+ Bxf4 47. Bxa8 Bc7 48. Kc5 Bb8 49. Bd5+ Ke7 50. Be4 Kd8 51. b6 Kc8 52. Kb5 Bd6 53. Ka6 Kb8 54. Bf5 Bb4 55. Bxd7 Be1 56. d5 Bf2 57. d6 Bc5 58. Bf5 Bxd6 59. Bg6 Bc5 60. g4 Bg1 61. h4 Bf2 62. h5 Be3 63. Bf5 Bg5 64. Kb5 Bf4 65. Be4 Bg5 66. Kc6 Bf4 67. Kd7 Bg5 68. b7 Bf4 69. Ke6 Bg5 70. Kf5 Bd2 71. g5 Bxg5 1/2-1/2

[Event "Heusenstamm Sparkassen op U14 6th"]
[Site "Heusenstamm"]
[Date "2019.11.23"]
[Round "4"]
[White "Schmidt, Moritz"]
[Black "Graesser, Malte"]
[Result "0-1"]
[WhiteElo "1095"]
[BlackElo "1210"]
[PlyCount "92"]
[EventDate "2019.11.21"]
[EventType "swiss"]
[EventRounds "7"]
[EventCountry "GER"]
[SourceTitle "CBM 194 Extra"]
[Source "ChessBase"]
[SourceDate "2020.03.31"]
[SourceVersion "1"]
[SourceVersionDate "2020.03.31"]
[SourceQuality "1"]

1. e4 e6 2. d4 d5 3. exd5 exd5 4. Bd3 Bd6 5. Nc3 Nf6 6. Bg5 Be7 7. Nf3 h6 8. Bf4 Nc6 9. 0-0 0-0 10. h3 Bd6 11. Bxd6 Qxd6 12. Re1 Bd7 13. Qd2 Rfe8 14. Nb5 Qf8 15. Rxe8 Nxe8 16. Re1 Rc8 17. c3 Nd6 18. Nxd6 Qxd6 19. Bc2 Qf6 20. Qd3 g6 21. Bb3 Be6 22. Qb5 Qd8 23. Qxb7 Ne7 24. Qxa7 Ra8 25. Qc5 c6 26. a4 Rb8 27. Qa3 Qc7 28. Bc2 Qb7 29. Bd1 Nf5 30. b3 Kg7 31. Qc1 Qc7 32. Be2 Rxb3 33. c4 Rb4 34. cxd5 Bxd5 35. Bd1 Nxd4 36. Nxd4 Rxd4 37. Qc3 Qb6 38. Re8 Kh7 39. Qc2 Qb4 40. Bh5 Be4 41. Qe2 gxh5 42. Qxh5 Qe1+ 43. Kh2 Qxf2 44. Qg4 Bg6 45. Qg3 Qxg3+ 46. Kxg3 Rxa4 0-1

[Event "Heusenstamm Sparkassen op U14 6th"]
[Site "Heusenstamm"]
[Date "2019.11.22"]
[Round "1"]
[White "Neininger, Pascal"]
[Black "Graesser, Malte"]
[Result "0-1"]
[WhiteElo "862"]
[BlackElo "1210"]
[PlyCount "44"]
[EventDate "2019.11.21"]
[EventType "swiss"]
[EventRounds "7"]
[EventCountry "GER"]
[SourceTitle "CBM 194 Extra"]
[Source "ChessBase"]
[SourceDate "2020.03.31"]
[SourceVersion "1"]
[SourceVersionDate "2020.03.31"]
[SourceQuality "1"]

1. e4 e6 2. d4 d5 3. exd5 exd5 4. Nf3 Nf6 5. Bf4 Nc6 6. Bd3 Bd6 7. Bg5 h6 8. Bxf6 Qxf6 9. Qe2+ Be7 10. 0-0 Nxd4 11. Qe3 Nxf3+ 12. Qxf3 Qxb2 13. Nd2 Qd4 14. Rfe1 Qc5 15. Qe2 Be6 16. Nb3 Qd6 17. Nd4 Bd7 18. Bf5 Bc6 19. Bg4 g6 20. Rad1 Rd8 21. Rd3 0-0 22. Qxe7 Rfe8 0-1